000 01350cam a2200349 a 4500
001 17254601
003 PILC
005 20150303084351.0
008 120413s2012 paua b 001 0 eng
010 _a 2012392257
020 _a9781605477824
020 _a1605477826
020 _a9781469802299
040 _aDLC
_cDLC
_dDLC
042 _apcc
050 0 0 _aRT 81.5
_b.P64 2012
082 0 0 _a610.73072
100 1 _aPolit, Denise F.
245 1 0 _aResource manual for nursing research :
_bgenerating and assessing evidence for nursing practice /
_cDenise F. Polit, Cheryl Tatano Beck.
250 _a9th ed.
260 _aPhiladelphia :
_bWolters Kluwer Health/lippincott Williams & Wilkins,
_cc2012.
300 _avii, 471 pages :
_billustrations (some colors) ;
_c24 cm.
500 _aRev. ed. of: Resource manual to accompany Nursing research / Denise F. Polit, Cheryl Tatano Beck. 8th ed. 2008.
521 _aNursing
650 0 _aNursing
_xResearch
_xMethodology.
700 1 _aBeck, Cheryl Tatano.
700 1 _aPolit, Denise F.
_tResource manual to accompany Nursing research.
856 4 2 _3Publisher description
_uhttp://www.loc.gov/catdir/enhancements/fy1316/2012392257-d.html
906 _a7
_bcbc
_corigcop
_d2
_encip
_f20
_gy-gencatlg
942 _2lcc
_cBK
999 _c283686
_d283686